000 00773nam a2200241 ar4500
001 4140
005 20221127090900.0
006 a a 000 0
008 150312 su a | 000 0|eng d
090 _aSP-F
100 1 _aAl Guwairy, Faraj Hmoud.
245 1 0 _aF.H.G. company for human resources consultancy :
_ba business plan in human resources consultancy at K.S.A /
_cby Faraj Al Guwairy.
260 _c2014.
300 _a45 p. :
_bill. ;
_c30 cm.
500 _aSupervisor: Dr. Owen Cargol.
504 _aIncludes bibl. references.
526 _aStudent project.
563 _aSpiral binding.
650 4 _aPersonnel management
_zSaudi Arabia.
650 4 _aEmployees.
650 4 _aStrategic planning.
650 4 _aBusiness enterprises
_zSaudi Arabia.
999 _c4138
_d4138